| 000 | 01957nam a2200433Ia 4500 | ||
|---|---|---|---|
| 001 | ebr10118453 | ||
| 003 | CaPaEBR | ||
| 006 | m u | ||
| 007 | cr cn||||||||| | ||
| 008 | 031126s2004 nyuaf sb 001 0 eng d | ||
| 010 | _z 2003068919 | ||
| 020 | _z1403973490 | ||
| 020 | _z0312235534 (alk. paper) | ||
| 040 |
_aCaPaEBR _cCaPaEBR |
||
| 035 | _a(OCoLC)138317854 | ||
| 050 | 1 | 4 |
_aPS228.M63 _bC85 2004eb |
| 082 | 0 | 4 |
_a810.9/112 _222 |
| 100 | 1 | _aCulleton, Claire A. | |
| 245 | 1 | 0 |
_aJoyce and the G-men _h[electronic resource] : _bJ. Edgar Hoover's manipulation of modernism / _cby Claire A. Culleton. |
| 250 | _a1st ed. | ||
| 260 |
_aNew York : _bPalgrave Macmillan, _c2004. |
||
| 300 |
_a232 p., [16] p. of plates : _bill. |
||
| 504 | _aIncludes bibliographical references (p. [191]-220) and index. | ||
| 533 |
_aElectronic reproduction. _bPalo Alto, Calif. : _cebrary, _d2009. _nAvailable via World Wide Web. _nAccess may be limited to ebrary affiliated libraries. |
||
| 600 | 1 | 0 |
_aJoyce, James, _d1882-1941 _xAppreciation _zUnited States. |
| 600 | 1 | 0 |
_aHoover, J. Edgar _q(John Edgar), _d1895-1972 _xInfluence. |
| 600 | 1 | 0 |
_aJoyce, James, _d1882-1941 _xCensorship. |
| 610 | 1 | 0 |
_aUnited States. _bFederal Bureau of Investigation _xHistory _y20th century. |
| 650 | 0 |
_aAmerican literature _y20th century _xHistory and criticism. |
|
| 650 | 0 |
_aModernism (Literature) _zUnited States. |
|
| 650 | 0 |
_aPolitics and literature _zUnited States _xHistory _y20th century. |
|
| 650 | 0 |
_aLiterature and state _zUnited States _xHistory _y20th century. |
|
| 650 | 0 |
_aAuthors, American _y20th century _xPolitical and social views. |
|
| 650 | 0 |
_aCensorship _zUnited States _xHistory _y20th century. |
|
| 650 | 0 |
_aAmerican literature _xForeign influences. |
|
| 655 | 7 |
_aElectronic books. _2local |
|
| 710 | 2 | _aebrary, Inc. | |
| 856 | 4 | 0 |
_uhttp://site.ebrary.com/lib/rucke/Doc?id=10118453 _zAn electronic book accessible through the World Wide Web; click to view |
| 999 |
_c217783 _d217783 |
||